000 004710000a22001690004500
041 0 _aSPA
082 0 4 _aG 268.113 L6162g
245 1 0 _aGuía para consejeras de los rayitos de sol / Olivia S. D. de Lerín, Traductor
250 _a3
260 _aEl Paso, TX., USA : Casa Bautista de Publicaciones
300 _a90 Pag
001 7901
942 _cBK
999 _c38103
_d38103
336 _atexto
_btxt
_2rdacontent
337 _2rdamedia
_asin mediación
_bn
338 _2rdacarrier
_avolumen
_bnc